00802nai a2200193Ia 4500003000900000008004100009022002200050022002300072040001600095245007000111260008600181310001400267362002600281521006900307650004700376650004500423650005000468856009000518IN-BaIIA211028c9999 xx s 000 0 eng d a1530-4388 (Print) a1558-2574 (Online) cIIA Library 0aIEEE Transactions on Device and Materials Reliabilityh[eJournal] aNew York, USAbThe Institute of Electrical and Electronics Engineers, Inc. (IEEE) aQuarterly a1(1); 2001 - Present  bSubscribed through National Knowledge Resource Consortium (NKRC) a Components, Circuits, Devices and Systems a Power, Energy and Industry Applications aEngineered Materials, Dielectrics and Plasmas uhttps://ieeexplore.ieee.org/servlet/opac?punumber=7298yClick Here to Access eJournal